UM Logo

Workbook on police photography/ (Record no. 16529)

MARC details
000 -LEADER
fixed length control field 00672nam a22001817a 4500
008 - FIXED-LENGTH DATA ELEMENTS--GENERAL INFORMATION
fixed length control field 220223b ||||| |||| 00| 0 eng d
020 ## - INTERNATIONAL STANDARD BOOK NUMBER
International Standard Book Number 9789719647072
082 ## - DEWEY DECIMAL CLASSIFICATION NUMBER
Edition number 2017
Classification number DFil 363.24
Item number B87
100 ## - MAIN ENTRY--PERSONAL NAME
Personal name Bulan, Ma. Elizabeth C., author
9 (RLIN) 43990
245 ## - TITLE STATEMENT
Title Workbook on police photography/
Statement of responsibility, etc. Ma. Elizabeth C. Bulan, Ma. Elena P. Maganda, authors
250 ## - EDITION STATEMENT
Edition statement Second edition
260 ## - PUBLICATION, DISTRIBUTION, ETC. (IMPRINT)
Place of publication, distribution, etc. Quezon City:
Name of publisher, distributor, etc. ChapterHouse Publishing,
Date of publication, distribution, etc. ©2017.
300 ## - PHYSICAL DESCRIPTION
Extent 150 pages:
Other physical details illustrations;
Dimensions 23 cm.
500 ## - GENERAL NOTE
General note Includes bibliographical references
650 ## - SUBJECT ADDED ENTRY--TOPICAL TERM
Topical term or geographic name as entry element Photography, Police ---Workbook
9 (RLIN) 44026
700 ## - ADDED ENTRY--PERSONAL NAME
Personal name Maganda, Ma. Elena P., author
9 (RLIN) 43992
942 ## - ADDED ENTRY ELEMENTS (KOHA)
Source of classification or shelving scheme Dewey Decimal Classification
Koha item type Filipiniana
Holdings
Withdrawn status Lost status Source of classification or shelving scheme Damaged status Not for loan Collection code Home library Current library Date acquired Source of acquisition Total Checkouts Full call number Barcode Date last seen Copy number Cost, replacement price Price effective from Koha item type
    Dewey Decimal Classification     Filipiniana UM Digos College - LIC UM Digos College - LIC 01/06/2022 Purchased   DFil 363.24 B87 2017 26237 05/15/2025 1 378.00 02/23/2022 Filipiniana
    Dewey Decimal Classification     Filipiniana UM Digos College - LIC UM Digos College - LIC 01/06/2022 Purchased   DFil 363.24 B87 2017 26238 02/23/2022 2 378.00 02/23/2022 Filipiniana